Roc. 56, № 10; Chemicke Liste

Detalles Bibliográficos
Parent link:Chemicke Liste: журнал. Roc. 56, № 10.— , 1959-1963, 1965-1986
Lenguaje:checo
Publicado: 1962
Formato: Libro
KOHA link:https://koha.lib.tpu.ru/cgi-bin/koha/opac-detail.pl?biblionumber=570205

MARC

LEADER 00000nam2a2200000 4500
001 570205
005 20231101124947.0
035 |a (RuTPU)RU\TPU\prd\267740 
035 |a RU\TPU\prd\267731 
090 |a 570205 
100 |a 20161215c19629999k y0czey50 ba 
101 0 |a cze 
102 |a CZ 
200 0 |a Roc. 56, № 10 
210 |d 1962 
461 1 |0 (RuTPU)RU\TPU\prd\18  |t Chemicke Liste  |o журнал  |v Roc. 56, № 10  |d 1959-1963, 1965-1986 
801 0 |a RU  |b 63413507  |c 20010227  |g PSBO 
801 1 |a RU  |b 63413507  |c 20020228  |g PSBO 
801 2 |a RU  |b 63413507  |c 20161215  |g PSBO 
942 |c BK 
999 |a НТБ_ТПУ  |b НФ  |e -19/20160111  |p П-4094  |u 0  |v 1  |x 8249